|
|
|
|
| LEADER |
00000nam a2200000 a 4500 |
| 001 |
vtls011742711 |
| 003 |
SK-MaSNL |
| 005 |
20260301100137.0 |
| 008 |
251112 1615 gw 000 0 lat |
| 015 |
|
|
|a SNBHFA1615
|
| 035 |
|
|
|a urn:nbn:sk:snk-am00csz7
|
| 035 |
|
|
|a urn:nbn:sk:snk-am3huni
|
| 035 |
|
|
|a 84F60591-643C-4749-A4B4-773F81ABB5BC
|
| 040 |
|
|
|a SNK
|b slo
|c SNK
|e AACR2
|
| 041 |
0 |
|
|a lat
|
| 044 |
|
|
|a gw
|c DE
|
| 072 |
|
7 |
|a 2-1
|x Prirodzená teológia. Náboženská filozofia
|2 konspekt
|
| 080 |
|
|
|a 2-1
|2 2011
|
| 100 |
1 |
|
|a Franz, Wolfgang,
|d 1564-1628
|4 aut
|9 351386
|
| 245 |
1 |
0 |
|a Disputationum Theologicarum De Sacrificiis Satisfactionis Christi Pro Peccatis Totius Mundi Praestitae, Typis Firmissimis.
|n Adversus recentiores Arianos seu Photinianos, Satisfactionem Christi omnem pernegantes Decimaquinta: Methodum ad alias quasdam praecipuas Arianorum seu Photinianorum objectiones solide & nervose respondendi demonstrans.
|c Quae In Collegio Dispitationum Theologicarum privato in Templo Arcis ad d. 18. Octobr. Anno MDCXV. in incluta Wittebergensium Academia habebitur, Praeside Wolfgango Franzio, S.S. Theologiae Doctore, & Professore Publico. Respondente Johanne Nicolai Vratislaviensi.
|
| 260 |
|
|
|a Wittebergae
|b Typis Johannis Gormanni
|c Anno MDCXV [=1615]
|
| 300 |
|
|
|a [46] s.
|c 19 cm
|
| 500 |
|
|
|a Rok vydania rímskymi číslicami
|
| 501 |
|
|
|a Príväzok 15. k: FRANZ, Wolfgang. Schola Sacrificiorum Patriarchalium Sacra... Wittebergae: Typis Johannis Gormanni, 1616.
|5 SNK ID 100013
|
| 504 |
|
|
|a Vysvetlivky vedľa textu
|
| 510 |
4 |
|
|a VD17
|c 3:012166K
|
| 561 |
|
|
|a Z knižnice Učenej spoločnosti malohontskej
|5 SNK ID 100013
|
| 650 |
0 |
7 |
|a teológia
|2 SNKPH
|9 1814
|
| 650 |
0 |
7 |
|a náboženská filozofia
|2 SNKPH
|9 3774
|
| 655 |
|
7 |
|a promočné tlače
|2 SNKPH
|9 73127
|
| 700 |
1 |
|
|a Nicolai, Johann
|4 aut
|9 432524
|
| 710 |
2 |
|
|a Učená spoločnosť malohontská
|4 fmo
|9 205374
|
| 710 |
0 |
|
|a Gormann, Johann (Wittenberg, Nemecko)
|4 prt
|9 349068
|
| 752 |
|
|
|a Nemecko
|d Wittenberg
|
| 852 |
|
|
|a snk
|b Historické fondy
|p ID 100013/prív.15
|
| 958 |
|
|
|a ONDV
|
| 999 |
|
|
|c 685334
|d 687264
|
| 952 |
|
|
|t MHC II.B.e.39
|a SNK
|b SNK
|c SNK_HF
|y PREZ
|7 0
|p 17A1299351
|o snkID 100013/prív.15
|i snk2018/3093
|8 5
|0 0
|1 0
|4 0
|d 2018-02-21
|f 1
|l 0
|r 2026-02-23 20:10:13
|w 2026-02-23
|